Central Library OPAC University of Rajshahi

Natural symbols : (Record no. 2074)

MARC details
000 -LEADER
fixed length control field 00857nam a2200265 4500
001 - CONTROL NUMBER
control field 2074
003 - CONTROL NUMBER IDENTIFIER
rucl marc code BD-RjUL
005 - DATE AND TIME OF LATEST TRANSACTION
control field 20211208233458.0
008 - FIXED-LENGTH DATA ELEMENTS--GENERAL INFORMATION
fixed length control field 131210r20041996ii b 001 0 eng d
020 ## - INTERNATIONAL STANDARD BOOK NUMBER
International Standard Book Number 0415314542
035 ## - SYSTEM CONTROL NUMBER
System control number (BD-RjUL)2101
040 ## - CATALOGING SOURCE
Original cataloging agency BD-RjUL
Language of cataloging eng
Transcribing agency BD-RjUL
041 ## - LANGUAGE CODE
Language code of text/sound track or separate title eng
082 ## - DEWEY DECIMAL CLASSIFICATION NUMBER
Edition number 21
Classification number 306.6
Author mark and year DON 2004
100 1# - MAIN ENTRY--PERSONAL NAME
Personal name Douglas, Mary,
Dates associated with a name 1921-2007.
9 (RLIN) 6788
245 10 - TITLE STATEMENT
Title Natural symbols :
Remainder of title explorations in cosmology /
Statement of responsibility, etc. Mary Douglas.
260 ## - PUBLICATION, DISTRIBUTION, ETC. (IMPRINT)
Place of publication, distribution, etc. London :
Name of publisher, distributor, etc. Routledge,
Date of publication, distribution, etc. c1966 [reprinted 2004].
300 ## - PHYSICAL DESCRIPTION
Pagination xxxix, 194 p. ;
Size 20 cm.
500 ## - GENERAL NOTE
General note Reprint of the 2nd ed. first published by Routledge in 1996.
504 ## - BIBLIOGRAPHY, ETC. NOTE
Bibliography, etc Includes bibliographical references and index.
650 #0 - SUBJECT ADDED ENTRY--TOPICAL TERM
Topical term or geographic name as entry element Ethnology
General subdivision Religious aspects.
9 (RLIN) 6789
Topical term or geographic name as entry element Religion and sociology.
9 (RLIN) 5230
830 #0 - SERIES ADDED ENTRY--UNIFORM TITLE
Uniform title Routledge classics
942 ## - ADDED ENTRY ELEMENTS (KOHA)
Source of classification or shelving scheme Dewey Decimal Classification
Koha item type Books
Holdings
Lost status Source of classification or shelving scheme Damaged status Not for loan Collection code Permanent Location Current Location Date acquired Source of acquisition Cost, normal purchase price Total Checkouts Full call number Date last seen Copy number Koha item type
  Dewey Decimal Classification     Non-fiction Central Library, University of Rajshahi Central Library, University of Rajshahi 20/08/2007 Paragon enterprises Ltd. 295.00   306.6 DON 2004 10/12/2013 C-3 Books